| 000 | 00857cam a2200193 4500 | ||
|---|---|---|---|
| 001 | WB4013-12 | ||
| 008 | 040331n2004 000 0 eng u | ||
| 035 | _a(Sirsi) u125684 | ||
| 245 | _aRICS seeks to adopt FSA rule | ||
| 260 | _c2004 | ||
| 490 |
_aEstates Gazette _v(0413) 27 March 2004, 26(1) |
||
| 520 | _aRICS is considering raising its status, following the Law Society's lead, to become a designated professional body. This would enable RICS to regulate managing agents' involvement in arranging insurance. Members would benefit as they would not have to pay Financial Services Authority subscriptions of more than a £1 000 on top of their RICS subscriptions in order to carry on doing business. | ||
| 590 | _aWB | ||
| 590 | _aWB | ||
| 650 | _aPROFESSIONAL BODIES | ||
| 650 | _aPROFESSIONAL PRACTICE | ||
| 690 | _aRICS NEWS | ||
| 942 | _n0 | ||
| 999 |
_c117151 _d117151 |
||